000 00704pam a2200241 a 4500
001 2804815
003 JO-AjAnu
005 20231202121823.0
008 820602s1983 nyua 001 0 eng
010 _a 82004627
020 _a002362440X
040 _aDLC
_cDLC
_dDLC
_dJO-AjAnu
050 0 0 _aHG4521
_b.K453 1983
082 0 0 _a332.6/78
_219
100 1 _aKhoury, Sarkis J.
_eAuthor
245 1 0 _aInvestment management :
_btheory and application /
_cSarkis J. Khoury.
260 _aNew York :
_bMacmillan,
_cc1983.
300 _axiii, 674 p. :
_bill. ;
_c27 cm.
500 _aIncludes index.
650 0 _aInvestments.
906 _a7
_bcbc
_corignew
_d1
_eocip
_f19
_gy-gencatlg
942 _2lcc
_cBK
_n0
999 _c33222
_d33222